Le Moniteur scientifique / (Record no. 1446)

MARC details
000 -LEADER
campo de control de longitud fija 00779nas a2200265 i 4500
001 - NÚMERO DE CONTROL
campo de control 1446
003 - IDENTIFICADOR DE NÚMERO DE CONTROL
campo de control ES-MaACL
005 - FECHA Y HORA DE LA ÚLTIMA TRANSACCIÓN
campo de control 20250814013809.0
007 - CAMPO FIJO DE DESCRIPCIÓN FÍSICA--INFORMACIÓN GENERAL
campo de control de longitud fija t|
008 - DATOS DE LONGITUD FIJA--INFORMACIÓN GENERAL
campo de control de longitud fija 950801d18601941fr | | 1 ||re d
080 ## - NÚMERO DE LA CLASIFICACIÓN DECIMAL UNIVERSAL
Número de la Clasificación Decimal Universal 44
245 03 - MENCIÓN DEL TÍTULO
Título Le Moniteur scientifique /
Mención de responsabilidad, etc. dir. Dr. Quesneville.
260 ## - PUBLICACIÓN, DISTRIBUCIÓN, ETC.
Lugar de publicación, distribución, etc. Paris :
Nombre del editor, distribuidor, etc. M. Quesneville,
Fecha de publicación, distribución, etc. 1860-1941 (
Fabricante L. Baudoin)
300 ## - DESCRIPCIÓN FÍSICA
Extensión 65 v. ;
Dimensiones 27 cm.
310 ## - PERIODICIDAD ACTUAL
Periodicidad actual Mensual
362 0# - FECHAS DE PUBLICACIÓN Y/O DESIGNACIÓN SECUENCIAL
Fecha de publicación y/o designación secuencial Año I, v. I (1860)-(1941)
650 17 - PUNTO DE ACCESO ADICIONAL DE MATERIA--TÉRMINO DE MATERIA
Término de materia o nombre geográfico como elemento de entrada Ciencias
Fuente del encabezamiento o término embne
9 (RLIN) 10971
700 1# - ENTRADA AGREGADA--NOMBRE PERSONAL
Nombre de persona Quesneville,
Término indicativo de función/relación
9 (RLIN) 194196
700 1# - ENTRADA AGREGADA--NOMBRE PERSONAL
Nombre de persona Schützenberger, Paul (
Fechas asociadas al nombre 1829-1897)
9 (RLIN) 147526
700 0# - ENTRADA AGREGADA--NOMBRE PERSONAL
Nombre de persona Gault, H.
9 (RLIN) 56007
785 07 - ENTRADA/ENLACE A UN TÍTULO POSTERIOR
Encabezamiento principal Revue de chimie industrielle
Lugar, editor y fecha de publicación 1927
852 ## - LOCALIZACIÓN
Ubicación ES-MaACL
Número de control de estantería Hem-86
866 #0 - MENCIÓN TEXTUAL DE FONDOS--UNIDAD BIBLIOGRÁFICA BÁSICA
Fondos 1886-1932,(1935).
Holdings
Estatus retirado Estado de pérdida Estado de daño No para préstamo Colección Biblioteca de origen Biblioteca actual Ubicación en estantería Fecha de adquisición Fuente de adquisición Total de préstamos Signatura topográfica completa Código de barras Visto por última vez Precio de reemplazo Tipo de ítem Koha
        Periódicos y Revistas Biblioteca del Ateneo de Madrid Biblioteca del Ateneo de Madrid Depósito 1 17/01/2008     Hem-86 1001474 23/02/2023 23/02/2023 Revista